EVAL verbes 1 lava - Statistiques

Statistiques générales
  • Ce quiz a été pris 52 fois
    51 depuis la dernière actualisation
  • Le résultat moyen est 18 sur 20
Statistiques - réponses
Hint Réponse % Correct
il y avait there was
98%
il y aura there will be
98%
Il y a there is
95%
disparaitre to disappear
93%
écouter to listen
93%
vieillir to grow old
90%
envoyer to send
90%
essayer to try
90%
visiter to visit
90%
regarder to watch / to look at
90%
être to be
88%
pouvoir to can
88%
aller to go
88%
avoir to have
88%
remercier to thank
88%
vouloir dire to mean
85%
croire to believe
83%
remplir to fill
83%
rencontrer to meet
83%
espérer to hope
80%
Aucun quiz correspondant
Distribution des résultats
% des personnes avec chaque résultat
Percentile par nombre de réponses
Votre historique - résultats
Vous n’avez pas pris ce quiz depuis la dernière actualisation